| 000 | 00866nam a22002657a 4500 | ||
|---|---|---|---|
| 003 | EG-ScBUE | ||
| 005 | 20220201134339.0 | ||
| 008 | 100210s1987 enk j 000 1 eng d | ||
| 020 | _a0140322485 | ||
| 020 | _a9780140322484 | ||
| 040 |
_aEG-ScBUE _beng _erda _cEG-ScBUE _dEG-ScBUE |
||
| 082 | 0 | 4 |
_222 _a823.914 _bGIR |
| 100 | 1 |
_911181 _aGirling, Brough, _eauthor. |
|
| 245 | 1 | 0 |
_aVera Pratt and the false moustaches / _cBrough Girling ; illustrated by Tony Blundell. |
| 264 | 1 |
_aLondon : _bPenguin Books, _c1987. |
|
| 300 |
_a124 pages : _billustrations ; _c17 cm |
||
| 336 |
_2rdacontent _atext _btxt |
||
| 337 |
_2rdamedia _aunmediated _bn |
||
| 338 |
_2rdacarrier _avolume _bnc |
||
| 650 | 7 |
_910736 _aChildren's stories. _2BUEsh |
|
| 653 | _bHHUUEENN | ||
| 655 |
_vReading book _934232 |
||
| 700 | 1 |
_911182 _aBlundell, Tony, _d1951- _eillustrator. |
|
| 942 |
_2ddc _cBB |
||
| 999 |
_c13339 _d13339 |
||